000 00780nam a22002057a 4500
999 _c6982
_d6982
003 AR-CdUCM
008 190319b ||||| |||| 00| 0 spa d
040 _aMUNICIPALIDAD PROVINCIAL DEL CUSCO
_cBIBLIOTECA MUNICIPAL DEL CUSCO
082 _a149.918 /
_bZ33
100 _aZanot, Mario
_919688
245 _aDespués del diluvio /
260 _aGuayaquil :
_bAriel,
_c1976.
300 _a189 páginas ;
_c22 cm.
505 _aContenido : Primera parte : El diluvio universal -- Segunda parte : Las leyendas -- Tercera parte : Quien era Noé -- Cuarta parte : La búsqueda de arca de Noé -- Quinta parte : El futuro de la arqueología bíblica ...
650 _aHistoria
_9136
650 _aDiluvio
_919689
650 _aArca de Noe
_919690
942 _2ddc
_cLIBROS
945 _arah